[Event "ITA-ch25 corr"]
[Site "Italy"]
[Date "1994.??.??"]
[Round "?"]
[White "Marchisotti, Eduardo"]
[Black "Bertazzo, Tiziano"]
[Result "1-0"]
[WhiteElo "1835"]
[BlackElo "1830"]
[PlyCount "85"]
[EventDate "1994.??.??"]
[EventType "tourn (corr)"]
[EventRounds "10"]
[EventCountry "ITA"]
[SourceTitle "Corr 2000"]
[Source "ChessBase"]
[SourceDate "2000.04.19"]
[SourceVersion "1"]
[SourceVersionDate "2000.04.19"]
[SourceQuality "1"]

1. e4 e5 2. Nf3 Nc6 3. d4 exd4 4. c3 dxc3 5. Nxc3 Bb4 6. Bc4 d6 7. 0-0 Bxc3 8. bxc3 Nf6 9. e5 Nxe5 10. Nxe5 dxe5 11. Qb3 Qe7 12. Ba3 c5 13. Bb5+ Kf8 14. f4 Ng4 15. Rae1 Be6 16. Bc4 b6 17. Bxe6 Qxe6 18. Qxe6 fxe6 19. h3 Nh6 20. Rxe5 Kf7 21. Rfe1 Rhe8 22. Kf2 Rad8 23. g4 Rd3 24. R1e3 Rd2+ 25. Re2 Rxe2+ 26. Rxe2 Rd8 27. Bb2 a6 28. c4 Rd3 29. Re3 Rd2+ 30. Re2 Rxe2+ 31. Kxe2 b5 32. Kd3 Ng8 33. cxb5 axb5 34. Ba3 c4+ 35. Kc3 Nf6 36. Kb4 Nd5+ 37. Kxb5 Nxf4 38. Kxc4 Nxh3 39. Bc5 Ng5 40. a4 Ne4 41. a5 Nf6 42. Kb5 Nd5 43. Kc6 1-0